Los anfibios del monumento natural Barro Colorado, parque nacional Soberania y áreas adyacentes (Registro nro. 2411)
[ vista simple ]
| 000 -CABECERA | |
|---|---|
| Campo de control | 01048nam a2200289 a 4500 |
| 005 - FECHA Y HORA DE LA ULTIMA TRANSACCION | |
| Campo de control | 20191224041635.0 |
| 008 - ELEMENTOS DE LONGITUD FIJA—INFORMACION GENERAL | |
| Campo de control | 140305b1999 pn ||||| |||| 00| 0 spa d |
| 040 ## - FUENTE DE CATALOGACIÓN | |
| Agencia catalogadora original | CO-BoIAVH |
| Agencia transcriptora | CO-BoIAVH |
| Agencia Modificadora | 9962811171 |
| 041 ## - IDIOMA | |
| Código de idioma para texto/pista de sonido o título separado | Español |
| 044 ## - PAÍS DE PUBLICACIÓN | |
| País de publicación | Panamá |
| 082 10 - NUMERO DE CLASIFICACION DECIMAL DEWEY | |
| Número de clasificación | 597.817 |
| Número del ítem | I12a |
| 090 ## - CLASIFICACIÓN LOCAL | |
| Colección | LB |
| Consecutivo | 02223 |
| 100 1# - ASIENTO PRINCIPAL--NOMBRE PERSONAL | |
| Nombre personal | Ibañez D., Roberto |
| 9 (RLIN) | 15821 |
| 245 14 - MENCION DE TITULO | |
| Título | Los anfibios del monumento natural Barro Colorado, parque nacional Soberania y áreas adyacentes |
| 246 ## - FORMA VARIANTE DEL TITULO | |
| Título propiamente dicho/forma breve del título | Amphibians of Barro Colorado nature monument, Soberania national park and adjacent áreas |
| 260 ## - PUBLICACION, DISTRIBUCION, ETC. (PIE DE IMPRENTA) | |
| Lugar de publicación, distribución, etc. | Panamá: |
| Nombre del editor, distribuidor, etc. | Fundación Natura, |
| -- | Circulo Herpetológico de Panamá, |
| -- | Smithsonian Tropical Research Institute, |
| Fecha de publicación, distribución, etc. | 1999. |
| 300 ## - DESCRIPCION FISICA | |
| Extensión | 187 páginas |
| 650 1# - ASIENTO SECUNDARIO DE MATERIA - TERMINO TEMATICO | |
| Término temático o nombre geográfico como elemento de entrada | Anfibios |
| Subdivisión geográfica | Panamá |
| 9 (RLIN) | 44854 |
| 650 1# - ASIENTO SECUNDARIO DE MATERIA - TERMINO TEMATICO | |
| Término temático o nombre geográfico como elemento de entrada | Taxonomía |
| 9 (RLIN) | 44855 |
| 650 1# - ASIENTO SECUNDARIO DE MATERIA - TERMINO TEMATICO | |
| Término temático o nombre geográfico como elemento de entrada | Inventarios |
| 9 (RLIN) | 92201 |
| 650 1# - ASIENTO SECUNDARIO DE MATERIA - TERMINO TEMATICO | |
| Término temático o nombre geográfico como elemento de entrada | Historia natural |
| 9 (RLIN) | 44857 |
| 650 ## - ASIENTO SECUNDARIO DE MATERIA - TERMINO TEMATICO | |
| Término temático o nombre geográfico como elemento de entrada | Anfibia |
| 9 (RLIN) | 4338 |
| 662 ## - ASIENTO SECUNDARIO DE MATERIA - JERARQUIA DEL NOMBRE DE LUGAR( | |
| País o entidad mayor | Panamá |
| Jurisdicción política intermedia | Parque Nacional Soberanía |
| 700 1# - ASIENTO SECUNDARIO - NOMBRE PERSONAL | |
| Nombre personal | Rand, A. Stanley |
| 9 (RLIN) | 15820 |
| 700 1# - ASIENTO SECUNDARIO - NOMBRE PERSONAL | |
| Nombre personal | Jaramillo A., César A. |
| 9 (RLIN) | 15817 |
| 942 ## - ELEMENTOS ADICIONALES (KOHA) | |
| Tipo de ítem | Libro |
| Sistema de clasificación | Dewey Decimal Classification |
| Withdrawn status | Lost status | Sistema de Clasificación | Damaged status | No para préstamo | Colección | Inventariado | Ubicación Permanente | Ubicación actual | Fecha de adquisición | Valor | Total Checkouts | Número topográfico | Inventario / Código de Barras | Date last seen | Ejemplar | Price effective from | Forma de adquisición | Tipo de material |
|---|---|---|---|---|---|---|---|---|---|---|---|---|---|---|---|---|---|---|
| Dewey Decimal Classification | General | Inventariado 2017 | Bogotá | Bogotá | 27/07/2001 | 39000.00 | LB-597.817 I12a | 002982 | 04/12/2012 | Ej. 1 | 04/12/2012 | Compra | Libro | |||||
| Dewey Decimal Classification | General | Inventariado 2017 | Sala Fabio Quevedo | Sala Fabio Quevedo | 18/12/2015 | 39000.00 | LB-597.817 I12a | 039518 | 18/12/2015 | Ej. 2 | 18/12/2015 | Compra | Libro |